[Event "Moscow RGGU op"]
[Site "Moscow"]
[Date "2019.04.13"]
[Round "5"]
[White "Mirzoyan, Alexander"]
[Black "Shubin, Gleb"]
[Result "0-1"]
[WhiteElo "1394"]
[BlackElo "1948"]
[PlyCount "76"]
[EventDate "2019.03.16"]
[EventType "swiss"]
[EventRounds "7"]
[EventCountry "RUS"]
[SourceTitle "CBM 190 Extra"]
[Source "ChessBase"]
[SourceDate "2019.07.15"]
[SourceVersion "1"]
[SourceVersionDate "2019.07.15"]
[SourceQuality "1"]

1. d4 f5 2. Bf4 Nf6 3. e3 e6 4. Nf3 Be7 5. h3 d5 6. Nbd2 Nbd7 7. Be2 c6 8. c3 0-0 9. 0-0 Qe8 10. Ne5 h6 11. Nxd7 Bxd7 12. Be5 g5 13. Bxf6 Bxf6 14. Bh5 Qe7 15. f4 Be8 16. Bxe8 Qxe8 17. Qe2 Qg6 18. fxg5 hxg5 19. g4 Qh7 20. Kg2 Be7 21. Rh1 Qg6 22. Raf1 Kg7 23. Nf3 fxg4 24. hxg4 Qe4 25. Rh3 Qxg4+ 26. Rg3 Qe4 27. Kf2 Rf5 28. Rfg1 Raf8 29. R1g2 R8f7 30. Rh3 g4 31. Rgg3 Rxf3+ 32. Kg1 Rf1+ 33. Qxf1 Rxf1+ 34. Kxf1 Bg5 35. Rh2 Qb1+ 36. Kg2 Qxb2+ 37. Kh1 Qb1+ 38. Rg1 Qe4+ 0-1